000 00527nam a2200217Ia 4500
003 OSt
005 20220924134521.0
006 a|||||r|||| 00| 0
007 ta
008 220923b |||||||| |||| 00| 0 snd d
024 _a275074
037 _cTextual
040 _aARTS
_cARTS
_bsnd
041 _2snd
_asnd
082 _aY74433:1, 1593J6
100 _aAsrani
_9207281
245 0 _aSindhi sabajahra
260 _c1956
942 _hY74433:1, 1593J6
_cTEXL
_2CC
999 _c437568
_d437568